000 00763nam a2200229Ii 4500
003 JO-AjNU
008 230605s9999||||xx |||||||||||||| ||und||
017 _a2010/5/1800
020 _a978-9957-24-623-5
040 _aJO-AjNU
_bara
_erda
_cJO-AjNU
041 _aara
050 1 4 _aT 58 .6 .Q23 2011
100 3 _aالقباني ، ثناء علي,
_eauthor
_929908
245 0 0 _aنظم المعلومات والتشغيل الالكتروني
250 _aط1
264 3 1 _aعمان:دار الصفاء للنشر ، 2011
300 _a390ص
_bصور توضيحية
336 _atext
_btxt
_2rdacontent
337 _aunmediated
_bn
_2rdamedia
338 _avolume
_bnc
_2rdacarrier
650 4 _aنظم المعلومات- تحليل النظم
_929909
999 _aA11790
_c15358
_d15358